=LDR 00000nam 2200000 4500 =001 NUTBA000000000002506 =005 20140618113056.0 =006 =007 =008 =020 ##$$a 978-602-855-331-5 =035 ##$$a 0010-061400000000449 =040 ##$$a NBPDMAT =082 ##$$a 633.74 =090 ##$$a 633.74 $b Rah s =100 ##$$a Rahmat Sunnara =245 ##$$a Sukses berkat coklat / $c Rahmat Sunnara, Kastrifah Isvandiary =250 ##$$a Cet.1 =260 ##$$a Banten : $b Talenta Pustaka Indonesia, $c 2009 =300 ##$$a viii, 80 hlm. : $b ilus. ; $c 25 cm. =500 ##$$a Bibliografi : hlm. 80 =650 ##$$a Coklat =700 ##$$a Khastrifah Isvandiary =850 ##$$a NBPDMAT =990 ##$$a 21403397